The Earthscan reader in business and sustainable development (Record no. 3196)

MARC details
000 -LEADER
fixed length control field 00857cam a22002774a 4500
001 - CONTROL NUMBER
control field 12104186
003 - CONTROL NUMBER IDENTIFIER
control field OSt
005 - DATE AND TIME OF LATEST TRANSACTION
control field 20161027144523.0
008 - FIXED-LENGTH DATA ELEMENTS--GENERAL INFORMATION
fixed length control field 000712s2001 enk b 001 0 eng
010 ## - LIBRARY OF CONGRESS CONTROL NUMBER
LC control number 00059306
020 ## - INTERNATIONAL STANDARD BOOK NUMBER
International Standard Book Number 1853836591
020 ## - INTERNATIONAL STANDARD BOOK NUMBER
International Standard Book Number 1853836397
040 ## - CATALOGING SOURCE
Original cataloging agency DLC
Transcribing agency DLC
Modifying agency DLC
042 ## - AUTHENTICATION CODE
Authentication code pcc
050 00 - LIBRARY OF CONGRESS CALL NUMBER
Classification number HD30.255
Item number .E17 2001
082 00 - DEWEY DECIMAL CLASSIFICATION NUMBER
Classification number 333.72
Edition number 21
Item number LAN 2008
100 ## - MAIN ENTRY--PERSONAL NAME
Personal name Edited by Richard Welford and Richard Starkey
9 (RLIN) 11253
245 04 - TITLE STATEMENT
Title The Earthscan reader in business and sustainable development
Statement of responsibility, etc. .
260 ## - PUBLICATION, DISTRIBUTION, ETC. (IMPRINT)
Place of publication, distribution, etc. London
Name of publisher, distributor, etc. Earthscan Publications,
Date of publication, distribution, etc. 2001.
300 ## - PHYSICAL DESCRIPTION
Extent xx, 364 p. ;
Dimensions 24 cm.
504 ## - BIBLIOGRAPHY, ETC. NOTE
Bibliography, etc Includes bibliographical references and index.
650 #0 - SUBJECT ADDED ENTRY--TOPICAL TERM
Topical term or geographic name as entry element Sustainable development.
9 (RLIN) 1103
650 #0 - SUBJECT ADDED ENTRY--TOPICAL TERM
Topical term or geographic name as entry element Business management
9 (RLIN) 6027
906 ## - LOCAL DATA ELEMENT F, LDF (RLIN)
a 7
b cbc
c orignew
d 1
e ocip
f 20
g y-gencatlg
942 ## - ADDED ENTRY ELEMENTS (KOHA)
Source of classification or shelving scheme Dewey Decimal Classification
Koha item type Short Loan
Holdings
Withdrawn status Lost status Source of classification or shelving scheme Damaged status Not for loan Home library Current library Date acquired Inventory number Total Checkouts Full call number Barcode Date last seen Koha item type
    Dewey Decimal Classification     MUST Main Library MUST Main Library 07/03/2016 09/31954   333.72 LAN 2008 2016-0375 07/03/2016 Short Loan